• 首页
  • 本馆介绍
  • 公告通知
  • 最新文献
  • 馆藏检索
  • 电子资源
  • 读者导购
  • 参考咨询
  • 我的图书馆
  • 登录
  • 详细信息显示
  • 放入我的书架
  • 预约/预借图书
  • 作者相关作品
  • 分类相关作品
  • 丛书相关作品
  • 出版社相关作品

书目信息

  • 表格格式
  • 工作单格式
  • 卡片格式
题名:
他保卫了什么
    
 
作者: ;儿童时代社 编
分册:  
出版信息: 天津   新蕾出版社  1980
页数: 313页
开本: 21cm
丛书名: 儿童时代丛书
单 册:
中图分类: I287.47 , I287.4
科图分类:
主题词: 儿童文学-短篇小说--中国--现代--选集 , 短篇小说-儿童文学--中国--现代--选集
电子资源:
ISBN:
000 00929oam2 2200277 450
001 1530654130
005 20150120083442.78
010    @dCNY0.81
091    @aR10213.26
100    @a19950414d1980 demy0chiy0110 ea
101 0  @achi
102    @aCN@b120000
105    @ay z 000ay
200 1  @a他保卫了什么@9ta bao wei le shi me@e《儿童时代》庆祝建国30周年短篇小说征文集(儿童时代丛书)@f《儿童时代》社编
210    @a天津@c新蕾出版社@d1980
215    @a313页@d21cm
225 2  @a儿童时代丛书
461  0 @12001 @a儿童时代丛书
517 1  @a儿童时代庆祝建国30周年短篇小说征文集@9er tong shi dai qing zhu jian guo 30 zhou nian duan pian xiao shuo zheng wen ji
606 0  @a儿童文学-短篇小说@y中国@z现代@x选集
606 0  @a短篇小说-儿童文学@y中国@z现代@x选集
690    @aI287.47@v5
690    @aI287.4@v4
711 02 @a儿童时代社@9er tong shi dai she@4编
801  0 @aCN@bTSSF@c20150120
905    @aZUCC@dI287.4@eJY15
    
    他保卫了什么:《儿童时代》庆祝建国30周年短篇小说征文集(儿童时代丛书)/《儿童时代》社编.-天津:新蕾出版社,1980
    313页;21cm.-(儿童时代丛书)
    
    
    ISBN :CNY0.81
    
●
相关链接 在E读中查询图书 在五车中查询图书 在当当中查询图书 在豆瓣中查询图书


正题名:他保卫了什么     索取号:I287.4/JY15         预约/预借

序号 登录号 条形码 馆藏地/架位号 状态 备注
1 7837091   278370914   学院路分馆/ [索取号:I287.4/JY15] 在馆    
2 7837092   278370923   学院路分馆/ [索取号:I287.4/JY15] 在馆    
3 7837093   278370932   学院路分馆/ [索取号:I287.4/JY15] 在馆    
4 7837094   278370941   学院路分馆/ [索取号:I287.4/JY15] 在馆    
唐山师范学院图书馆 欢迎您!
大连网信软件有限公司© 版权所有